[Event "Eforie Nord Seacoast op 27th"]
[Site "Eforie Nord"]
[Date "2017.06.20"]
[Round "2"]
[White "Kharitonov, Alexandr"]
[Black "Budur, Costel"]
[Result "1-0"]
[WhiteElo "2547"]
[BlackElo "2026"]
[PlyCount "79"]
[EventDate "2017.06.19"]
[EventType "swiss"]
[EventRounds "10"]
[EventCountry "ROU"]
[SourceTitle "CBM 179 Extra"]
[Source "ChessBase"]
[SourceDate "2017.08.23"]
[SourceVersion "1"]
[SourceVersionDate "2017.08.23"]
[SourceQuality "1"]

1. d4 f5 2. g3 Nf6 3. Bg2 d5 4. c4 c6 5. Nf3 e6 6. Bf4 Qb6 7. Qc2 Be7 8. 0-0 0-0 9. c5 Qd8 10. Nc3 Ne4 11. Ne5 Nd7 12. Nxe4 fxe4 13. f3 Nxe5 14. Bxe5 exf3 15. exf3 Bd7 16. Rfe1 b5 17. a4 a6 18. b4 Qe8 19. Ra3 Qh5 20. Rea1 Rad8 21. axb5 axb5 22. Ra7 Bf6 23. Re1 Be8 24. Qd2 Rf7 25. Ra6 Rc8 26. h4 Qg6 27. Kh2 Bd7 28. f4 Re7 29. Bh3 Qh5 30. Ra7 Qe8 31. Bd6 Rf7 32. f5 e5 33. dxe5 Bxh4 34. gxh4 Bxf5 35. Rxf7 Qxf7 36. Rf1 g6 37. Bxf5 gxf5 38. Rg1+ Kh8 39. e6 Qf6 40. Qf4 1-0

[Event "Eforie Nord Seacoast op 26th"]
[Site "Eforie Nord"]
[Date "2016.07.03"]
[Round "7"]
[White "Budur, Costel"]
[Black "Toma, Radu Cristian"]
[Result "1/2-1/2"]
[WhiteElo "2041"]
[BlackElo "2338"]
[PlyCount "90"]
[EventDate "2016.06.27"]
[EventType "swiss"]
[EventRounds "10"]
[EventCountry "ROU"]
[SourceTitle "EXT 2017"]
[Source "ChessBase"]
[SourceDate "2016.10.25"]
[SourceVersion "1"]
[SourceVersionDate "2016.10.25"]
[SourceQuality "1"]

1. d4 d5 2. Nf3 Nf6 3. Nbd2 Bf5 4. g3 e6 5. Bg2 c5 6. e3 Nc6 7. 0-0 Rc8 8. c3 Bd6 9. Nh4 Bg4 10. Qa4 0-0 11. Nhf3 Bf5 12. Re1 Bd3 13. Qd1 c4 14. Bf1 Bxf1 15. Kxf1 e5 16. e4 dxe4 17. Nxe4 Nxe4 18. Rxe4 f5 19. Re1 e4 20. Ng5 Qe8 21. Qe2 Ne7 22. h4 Nd5 23. Kg2 h6 24. Nh3 Qc6 25. Kh2 Rce8 26. Rg1 Qc7 27. Qh5 Re6 28. Be3 b5 29. a3 Qe7 30. Kh1 Bb8 31. Rae1 Qd7 32. Bf4 Bxf4 33. gxf4 Qd6 34. Rg3 Nxf4 35. Nxf4 Qxf4 36. Reg1 Rf7 37. R1g2 Qd6 38. Rg6 Rxg6 39. Rxg6 Qf4 40. Kg2 Qd2 41. Re6 Qf4 42. Qg6 Qxh4 43. Re8+ Rf8 44. Qe6+ Kh7 45. Rxf8 Qg4+ 1/2-1/2

[Event "Eforie Nord op"]
[Site "Eforie Nord"]
[Date "2014.06.25"]
[Round "2"]
[White "Budur, Costel"]
[Black "Nanu, Ciprian Costica"]
[Result "0-1"]
[WhiteElo "2071"]
[BlackElo "2527"]
[PlyCount "90"]
[EventDate "2014.06.24"]
[EventType "swiss"]
[EventRounds "11"]
[EventCountry "ROU"]
[SourceTitle "CBM 161 Extra"]
[Source "ChessBase"]
[SourceDate "2014.08.29"]
[SourceVersion "1"]
[SourceVersionDate "2014.08.29"]
[SourceQuality "1"]

1. d4 Nf6 2. g3 d5 3. Bg2 c6 4. Nd2 Bf5 5. Ngf3 e6 6. 0-0 Nbd7 7. b3 Bd6 8. Bb2 0-0 9. c4 Qe7 10. Nh4 Bg4 11. Re1 Rac8 12. a3 e5 13. h3 Be6 14. e4 dxe4 15. Nxe4 Nxe4 16. Rxe4 Nf6 17. Re1 e4 18. Bxe4 Nxe4 19. Rxe4 Qg5 20. Kh2 Rce8 21. f4 Qd8 22. Qh5 b5 23. d5 Bd7 24. Rae1 bxc4 25. bxc4 Rxe4 26. Rxe4 Re8 27. Qe2 Rxe4 28. Qxe4 cxd5 29. cxd5 Qc8 30. Ng2 Bxh3 31. Ne3 Bd7 32. Nc4 Bf8 33. Ne3 Qa6 34. Ng2 Qb5 35. Qe5 Bc8 36. f5 Bxf5 37. Nh4 Bc8 38. a4 Qxa4 39. d6 Qc2+ 40. Kg1 Qd1+ 41. Kh2 Qxd6 42. Qc3 Qc5 43. Qd2 Bb7 44. Ng2 Qd5 45. Qf2 Qxg2+ 0-1

[Event "Iasi op"]
[Site "Iasi"]
[Date "2014.05.12"]
[Round "3"]
[White "Budur, Costel"]
[Black "Baciu, Alexandru"]
[Result "1-0"]
[WhiteElo "2056"]
[BlackElo "1777"]
[PlyCount "77"]
[EventDate "2014.05.10"]
[EventType "swiss"]
[EventRounds "9"]
[EventCountry "ROU"]
[SourceTitle "CBM 160 Extra"]
[Source "ChessBase"]
[SourceDate "2014.07.01"]
[SourceVersion "1"]
[SourceVersionDate "2014.07.01"]
[SourceQuality "1"]

1. d4 Nf6 2. Nf3 e6 3. g3 c5 4. e3 Qa5+ 5. Nbd2 Nc6 6. Bg2 Be7 7. 0-0 cxd4 8. exd4 d5 9. Re1 0-0 10. c3 b5 11. Ne5 Bb7 12. Ndf3 Rac8 13. Qe2 b4 14. c4 dxc4 15. Nxc4 Qd5 16. Ne3 Qd7 17. Rd1 Rfd8 18. b3 Nd5 19. Nxd5 Qxd5 20. Bb2 Qh5 21. Rac1 Rd7 22. h3 Rcd8 23. g4 Qa5 24. Ba1 h6 25. Rd2 Bf6 26. Rc5 Qc7 27. Qe3 Rd5 28. Rdc2 Qb8 29. h4 R5d7 30. g5 hxg5 31. hxg5 Be7 32. g6 Qd6 33. gxf7+ Kxf7 34. Rxc6 Bxc6 35. Ne5+ Kg8 36. Bxc6 Rc7 37. d5 Bf6 38. Nc4 Qe7 39. d6 1-0

[Event "ROM-ch"]
[Site "Eforie Nord"]
[Date "2009.02.05"]
[Round "6"]
[White "Budur, Costel"]
[Black "Anton, Teodor"]
[Result "0-1"]
[WhiteElo "2075"]
[BlackElo "2350"]
[PlyCount "50"]
[EventDate "2009.01.31"]
[EventType "swiss"]
[EventRounds "9"]
[EventCountry "ROU"]
[SourceTitle "CBM 130 Extra"]
[Source "ChessBase"]
[SourceDate "2009.07.02"]
[SourceVersion "2"]
[SourceVersionDate "2009.07.15"]
[SourceQuality "1"]

1. c4 c5 2. Nc3 Nc6 3. Nf3 g6 4. g3 Bg7 5. Bg2 e5 6. d3 Nge7 7. Bg5 f6 8. Bd2 d6 9. Qc1 0-0 10. e4 Nd4 11. Nxd4 cxd4 12. Ne2 Be6 13. h4 Rc8 14. Qd1 Qd7 15. h5 f5 16. hxg6 hxg6 17. exf5 Nxf5 18. Qb3 Ne7 19. Rc1 d5 20. Ng1 e4 21. c5 e3 22. fxe3 dxe3 23. Bb4 d4 24. Qd1 Rf2 25. Rc2 Qa4 0-1